[Event "Championnat de France des Jeunes - Cadet"]
[Site "Aix les Bains"]
[Date "2009.04.25"]
[Round "8.9"]
[White "Tachikart, Yassin"]
[Black "Paci, Romain"]
[Result "1/2-1/2"]
[WhiteElo "2107"]
[BlackElo "2017"]
[PlyCount "138"]
[EventDate "2009.??.??"]

1. d4 Nf6 2. c4 g6 3. Nc3 Bg7 4. e4 d6 5. f3 O-O 6. Be3 c5 7. dxc5 dxc5 8. Qxd8
Rxd8 9. Bxc5 Nc6 10. Nd5 Nd7 11. Bxe7 Nxe7 12. Nxe7+ Kf8 13. Nd5 Bxb2 14. Rb1
Bg7 15. Nh3 Nc5 16. Nf2 b6 17. Nd3 Nxd3+ 18. Bxd3 Ba6 19. Ke2 Rac8 20. Rhc1 Rc5
21. Rc2 Rdc8 22. Rbc1 Bb7 23. Ne3 Bc6 24. Rb1 Ba4 25. Rcc1 Bh6 26. Rb4 b5 27.
Rc3 a5 28. Rb1 b4 29. Rcc1 Bb5 30. Rc2 Ba4 31. Rd2 Bd7 32. g3 Be6 33. f4 Bg7
34. Nd5 Bc3 35. Rc2 Bxd5 36. cxd5 Ke7 37. Kf3 a4 38. Rcc1 b3 39. axb3 a3 40.
Rc2 Bb2 41. Rcxb2 axb2 42. Rxb2 Rc3 43. Ke3 Rb8 44. b4 Ra8 45. Kd4 Raa3 46. Bc4
Rc1 47. Bb5 f5 48. e5 Rd1+ 49. Kc5 Rc3+ 50. Kb6 Rxd5 51. Bc6 Rd4 52. b5 Ra3 53.
Kb7 h6 54. Rc2 g5 55. fxg5 hxg5 56. b6 f4 57. gxf4 gxf4 58. Kc7 Rb4 59. b7 Rab3
60. Re2 Ke6 61. Bd7+ Ke7 62. Bc8 f3 63. Rf2 Rb5 64. e6 Re5 65. Bd7 Rc5+ 66. Bc6
Rcc3 67. h4 Kxe6 68. h5 Kf6 69. Rd2 Kg5 1/2-1/2

[Event "Championnat de France des Jeunes - Cadet"]
[Site "Aix les Bains"]
[Date "2009.04.25"]
[Round "8.11"]
[White "Burille, Matthieu"]
[Black "Delivre, Raphael"]
[Result "0-1"]
[WhiteElo "1772"]
[BlackElo "2067"]
[PlyCount "78"]
[EventDate "2009.??.??"]

1. e4 c5 2. Nf3 Nc6 3. d4 cxd4 4. Nxd4 g6 5. Nc3 Bg7 6. Be3 Nf6 7. Bc4 d6 8. f3
Qb6 9. Ncb5 a6 10. Nf5 Qa5+ 11. Bd2 gxf5 12. Bxa5 axb5 13. Bxf7+ Kxf7 14. Bc3
b4 15. Bd2 fxe4 16. O-O Rf8 17. fxe4 Kg8 18. c3 Be6 19. cxb4 Bc4 20. Re1 Ne5
21. Bc3 Rf7 22. b3 Be6 23. Bxe5 dxe5 24. Qe2 Raf8 25. h3 Bh6 26. Kh1 Rg7 27.
Rg1 Rg3 28. Rad1 Re3 29. Qb5 Nxe4 30. Kh2 Bf4+ 31. g3 Bxg3+ 32. Rxg3+ Rxg3 33.
Qxe5 Rxh3+ 34. Kg2 Rg3+ 35. Kh2 Rf2+ 36. Kh1 Rf6 37. Rd8+ Kg7 38. Rd4 Nf2+ 39.
Kh2 Ng4+ 0-1

[Event "Championnat de France des Jeunes - Cadet"]
[Site "Aix les Bains"]
[Date "2009.04.25"]
[Round "8.12"]
[White "Banuls, Adrien"]
[Black "Devallee, Jeremie"]
[Result "0-1"]
[WhiteElo "1902"]
[BlackElo "2030"]
[PlyCount "60"]
[EventDate "2009.??.??"]

1. e4 e6 2. d4 d5 3. e5 c5 4. c3 Qb6 5. Nf3 Bd7 6. a3 Bb5 7. Bd3 Nc6 8. O-O
Bxd3 9. Qxd3 Nh6 10. Bxh6 gxh6 11. b4 c4 12. Qe3 Ne7 13. Nh4 Rg8 14. Qh3 Ng6
15. f4 a5 16. Nd2 axb4 17. Nxg6 bxc3 18. Nxf8 Qxd4+ 19. Kh1 cxd2 20. Nxh7 O-O-O
21. Qf3 c3 22. Ra2 Qc4 23. Rc2 d4 24. Rb1 Rd5 25. Nf6 d3 26. Qf1 dxc2 27. Qxc4+
Kd8 28. Rg1 c1=Q 29. Nxd5 Qxg1+ 30. Kxg1 d1=Q+ 0-1

[Event "Championnat de France des Jeunes - Cadet"]
[Site "Aix les Bains"]
[Date "2009.04.25"]
[Round "8.13"]
[White "Sochacki, Wojtek"]
[Black "Racle, Valentin"]
[Result "1-0"]
[WhiteElo "2212"]
[BlackElo "1947"]
[PlyCount "99"]
[EventDate "2009.??.??"]

1. e4 c5 2. Nf3 e6 3. b4 cxb4 4. a3 Nf6 5. e5 Nd5 6. axb4 Bxb4 7. c3 Be7 8. d4
d6 9. Bd3 Nc6 10. O-O dxe5 11. dxe5 Qc7 12. Qe2 f6 13. Bb5 O-O 14. c4 Nb6 15.
Bb2 a6 16. c5 Nd5 17. Nc3 Nf4 18. Qe3 fxe5 19. Ne4 Nd4 20. Nxd4 exd4 21. Qxd4
e5 22. Qxe5 Qxe5 23. Bxe5 Be6 24. Ba4 Bd5 25. Bc2 Rac8 26. Rad1 Bxe4 27. Bxe4
Ne2+ 28. Kh1 Rxc5 29. Bd5+ Kh8 30. Rfe1 Rxf2 31. Bb8 Rc2 32. Bxb7 Rf8 33. Be4
Ra2 34. Bb1 Rb2 35. Be5 Rb5 36. Rxe2 Bg5 37. Bg3 Rd5 38. Ree1 Rb5 39. h4 Bf6
40. Bd3 Rb6 41. Rb1 Rxb1 42. Rxb1 a5 43. Rb7 Bc3 44. Rc7 Bd4 45. Rc4 Be3 46.
Be5 Rd8 47. Rc7 Bh6 48. Bc4 Ra8 49. g4 a4 50. g5 1-0

[Event "Championnat de France des Jeunes - Cadet"]
[Site "Aix les Bains"]
[Date "2009.04.25"]
[Round "8.14"]
[White "Walter, Benjamin"]
[Black "Allorant, Adrien"]
[Result "0-1"]
[WhiteElo "1922"]
[BlackElo "2076"]
[PlyCount "60"]
[EventDate "2009.??.??"]

1. e4 c5 2. Nf3 g6 3. d4 cxd4 4. Nxd4 Nc6 5. c4 Nf6 6. Nc3 d6 7. c5 Nxd4 8.
Qxd4 Bg7 9. cxd6 O-O 10. Bg5 exd6 11. O-O-O Be6 12. e5 dxe5 13. Qh4 Qe7 14. Kb1
Rfd8 15. Bd3 h6 16. Bxh6 Bxh6 17. Qxh6 Ng4 18. Qh3 Nxf2 19. Qe3 Nxh1 20. Ne4
Bf5 21. Rxh1 Rxd3 22. Qxd3 Qh4 23. g4 Qxg4 24. Nf6+ Kg7 25. Nxg4 Bxd3+ 26. Kc1
Rc8+ 27. Kd2 e4 28. Ne3 f5 29. Rg1 f4 30. Nd5 Rc2+ 0-1

[Event "Championnat de France des Jeunes - Cadet"]
[Site "Aix les Bains"]
[Date "2009.04.25"]
[Round "8.15"]
[White "Lambert, Romain"]
[Black "Chandesris, Ludovic"]
[Result "0-1"]
[WhiteElo "2053"]
[BlackElo "1920"]
[PlyCount "84"]
[EventDate "2009.??.??"]

1. d4 Nf6 2. c4 g6 3. Nc3 Bg7 4. e4 d6 5. Be2 O-O 6. Nf3 e5 7. O-O Nc6 8. d5
Ne7 9. b4 Nh5 10. Re1 f5 11. Ng5 Nf6 12. f3 Kh8 13. Ne6 Bxe6 14. dxe6 Qc8 15.
Nd5 Nexd5 16. exd5 f4 17. Bb2 Qd8 18. Bd3 Nh5 19. Qe2 g5 20. Rac1 Nf6 21. Red1
h5 22. h3 Bh6 23. Bg6 Rg8 24. Bf7 Rg7 25. Bxe5 dxe5 26. Qxe5 Qe7 27. c5 Rxf7
28. d6 Qe8 29. d7 Qe7 30. Qxc7 Qxe6 31. Qxb7 Rd8 32. c6 Rfxd7 33. cxd7 Rxd7 34.
Qc8+ Kh7 35. Rxd7+ Nxd7 36. Kh2 g4 37. hxg4 hxg4 38. fxg4 f3 39. Qc2+ Kg8 40.
Rd1 Bf4+ 41. g3 Qh6+ 42. Kg1 Be3+ 0-1

[Event "Championnat de France des Jeunes - Cadet"]
[Site "Aix les Bains"]
[Date "2009.04.25"]
[Round "8.1"]
[White "Armas, Lara-Maria"]
[Black "Richard, Emma"]
[Result "1/2-1/2"]
[WhiteElo "1966"]
[BlackElo "2070"]
[PlyCount "22"]
[EventDate "2009.??.??"]

1. d4 Nf6 2. Nf3 g6 3. e3 Bg7 4. Bd3 O-O 5. b3 d6 6. Bb2 Nbd7 7. Nbd2 e5 8. c4
Re8 9. Qc2 Qe7 10. dxe5 dxe5 11. Be2 a5 1/2-1/2

[Event "Championnat de France des Jeunes - Cadet"]
[Site "Aix les Bains"]
[Date "2009.04.25"]
[Round "8.2"]
[White "Hourlier, Claire"]
[Black "Jeannerot, Lea"]
[Result "1-0"]
[WhiteElo "1883"]
[BlackElo "1980"]
[PlyCount "85"]
[EventDate "2009.??.??"]

1. e4 c6 2. d4 d5 3. exd5 cxd5 4. Bd3 Nc6 5. c3 Nf6 6. Bf4 Bg4 7. Qb3 Qc8 8.
Nd2 e6 9. Ngf3 a6 10. O-O Be7 11. Rae1 O-O 12. Qc2 Bh5 13. Ne5 b5 14. a3 Bg6
15. Nxg6 hxg6 16. h3 Na5 17. Nf3 Nc4 18. g4 a5 19. Ne5 b4 20. axb4 axb4 21.
Bxc4 dxc4 22. cxb4 Bxb4 23. Rc1 Nd5 24. Bd2 Qb7 25. Nxc4 Rfc8 26. Qb3 Rc7 27.
Bxb4 Nf4 28. f3 Ne2+ 29. Kf2 Nxc1 30. Rxc1 Qd5 31. Bc5 Rb7 32. Qe3 Rab8 33. b4
Ra8 34. Rc2 Rab8 35. Qe4 Qd8 36. Bd6 Rd7 37. Bxb8 Qxb8 38. Ne5 Rb7 39. f4 Qa7
40. Rc8+ Kh7 41. f5 exf5 42. gxf5 g5 43. Nf3 1-0

[Event "Championnat de France des Jeunes - Cadet"]
[Site "Aix les Bains"]
[Date "2009.04.25"]
[Round "8.3"]
[White "Christophe, Lucie"]
[Black "Genzling, Sylvie"]
[Result "1-0"]
[WhiteElo "1779"]
[BlackElo "1967"]
[PlyCount "95"]
[EventDate "2009.??.??"]

1. d4 d5 2. Bf4 Nf6 3. Nf3 g6 4. e3 Bg7 5. c3 Nbd7 6. h3 c5 7. Nbd2 O-O 8. Bd3
b6 9. O-O Bb7 10. Re1 Re8 11. Ne5 a6 12. Bh2 Nxe5 13. Bxe5 Nd7 14. Nf3 f6 15.
Bg3 e5 16. Bc2 cxd4 17. cxd4 e4 18. Nd2 f5 19. Nb1 Nf6 20. Nc3 b5 21. Rc1 Nh5
22. Bh2 Rf8 23. Ne2 Bh6 24. Qd2 Qf6 25. Bb3 Bc6 26. Rc5 Rad8 27. Rec1 Ba8 28.
Rc7 g5 29. Be5 Qg6 30. Ra7 Bg7 31. Bxg7 Nxg7 32. Qa5 f4 33. Qxa6 Qf5 34. exf4
Ne6 35. Re7 Nxf4 36. Nxf4 Qxf4 37. Qe6+ Rf7 38. Rxf7 Qxc1+ 39. Kh2 Qc6 40. Qe7
Qg6 41. Qxd8+ Kxf7 42. Qxa8 Qd6+ 43. Kg1 Qf4 44. Qxd5+ Kg6 45. Qc6+ Kg7 46. Qc3
g4 47. d5+ Kf8 48. hxg4 1-0

[Event "Championnat de France des Jeunes - Cadet"]
[Site "Aix les Bains"]
[Date "2009.04.25"]
[Round "8.4"]
[White "Dubois, Emmanuelle"]
[Black "Muller, Marion"]
[Result "0-1"]
[WhiteElo "1757"]
[BlackElo "1896"]
[PlyCount "132"]
[EventDate "2009.??.??"]

1. e4 c6 2. d4 d5 3. exd5 cxd5 4. Bd3 Nc6 5. c3 Nf6 6. Bf4 g6 7. Nd2 Bg7 8.
Ngf3 Bf5 9. Qc2 Qc8 10. O-O O-O 11. Rae1 Re8 12. Qb1 Nh5 13. Be3 a6 14. Nb3 b6
15. Bd2 Nf6 16. Ne5 Nd8 17. f4 Bxd3 18. Qxd3 Ne4 19. Bc1 Nb7 20. Nd2 Nbd6 21.
Nxe4 Nxe4 22. Qf3 f6 23. Nd3 f5 24. Ne5 Rb8 25. g4 Bxe5 26. fxe5 e6 27. Qg2 Kh8
28. h4 Rg8 29. Bg5 Rf8 30. Bh6 Rf7 31. Bf4 Qc7 32. g5 Kg8 33. Kh2 b5 34. Rc1
Qb6 35. a3 a5 36. b4 Rc8 37. Rf3 Rfc7 38. Bd2 axb4 39. axb4 Ra8 40. Bf4 Rca7
41. Rc2 Ra4 42. Re3 Qa6 43. Ree2 Ra3 44. Re3 Qc6 45. Qf3 R8a4 46. Qe2 Qa6 47.
Qg2 Ra2 48. Ree2 Rxc2 49. Rxc2 Ra3 50. Bd2 Ra2 51. Rxa2 Qxa2 52. Be1 Qxg2+ 53.
Kxg2 h6 54. Kf3 hxg5 55. hxg5 Nxg5+ 56. Kf4 Ne4 57. Bh4 Nxc3 58. Ke3 Ne4 59.
Kf4 Kg7 60. Kf3 g5 61. Be1 Kg6 62. Ke3 f4+ 63. Kf3 Kf5 64. Kg2 Kg4 65. Kg1 Kf3
66. Kf1 Ke3 0-1

[Event "Championnat de France des Jeunes - Cadet"]
[Site "Aix les Bains"]
[Date "2009.04.25"]
[Round "8.5"]
[White "Rambourg, Juliette"]
[Black "Vinckier, Delphine"]
[Result "1/2-1/2"]
[WhiteElo "1866"]
[BlackElo "1817"]
[PlyCount "104"]
[EventDate "2009.??.??"]

1. c4 b6 2. Nc3 Bb7 3. d4 e6 4. a3 Nf6 5. Qd3 d5 6. cxd5 Nxd5 7. e4 Nxc3 8.
bxc3 c5 9. Be2 Nd7 10. Bf3 Be7 11. Bf4 O-O 12. Ne2 e5 13. dxe5 Nxe5 14. Qxd8
Nxf3+ 15. gxf3 Rfxd8 16. Rg1 Ba6 17. Ng3 Bf6 18. e5 Re8 19. O-O-O Bxe5 20. Bxe5
Rxe5 21. Rd7 Bb5 22. Rc7 Kf8 23. Ne4 Re7 24. Rxe7 Kxe7 25. Rxg7 Bd3 26. Rxh7
Rg8 27. Rh3 Rg2 28. Kb2 Bxe4 29. fxe4 Rxf2+ 30. Kb3 Re2 31. Rh4 b5 32. a4 c4+
33. Ka3 bxa4 34. Kxa4 Re3 35. Kb4 Ke6 36. Kxc4 Ke5 37. Kb4 Rxe4+ 38. Rxe4+ Kxe4
39. h4 f5 40. h5 f4 41. h6 f3 42. h7 f2 43. h8=Q f1=Q 44. Qe8+ Kd5 45. Qd7+ Ke5
46. Qe7+ Kd5 47. Qd7+ Ke5 48. Qe7+ Kd5 49. Qc5+ Ke6 50. Qxa7 Qb1+ 51. Kc4 Qf1+
52. Kb4 Qb1+ 1/2-1/2

[Event "Championnat de France des Jeunes - Cadet"]
[Site "Aix les Bains"]
[Date "2009.04.25"]
[Round "8.6"]
[White "Macarry, Elodie"]
[Black "Garma, Jovanka"]
[Result "1-0"]
[WhiteElo "1863"]
[BlackElo "1747"]
[PlyCount "127"]
[EventDate "2009.??.??"]

1. e4 c5 2. Nf3 g6 3. c3 Bg7 4. d4 cxd4 5. cxd4 d5 6. exd5 Qxd5 7. Nc3 Qd8 8.
Bc4 Nf6 9. Qb3 O-O 10. O-O Nc6 11. d5 Na5 12. Qb4 Nxc4 13. Qxc4 a6 14. Bf4 Ne8
15. Rad1 Nd6 16. Qe2 Bg4 17. h3 Bxf3 18. Qxf3 Rc8 19. Rfe1 Nc4 20. b3 Nb2 21.
Rc1 Qa5 22. Be5 Bxe5 23. Rxe5 b5 24. Rxe7 b4 25. Ne2 Rxc1+ 26. Nxc1 Qc5 27. Re1
Qc3 28. Qxc3 bxc3 29. Kf1 Rd8 30. Re3 Rxd5 31. Rxc3 a5 32. Ke2 a4 33. b4 Rd4
34. a3 Nc4 35. Nd3 Re4+ 36. Kd1 Rd4 37. Kc1 Nd6 38. Nc5 Rc4 39. Nxa4 Kf8 40.
Kc2 Rxc3+ 41. Nxc3 Ke8 42. b5 Kd7 43. a4 f5 44. Kd3 Nb7 45. Kd4 Kd6 46. Nd5 Nc5
47. Nc3 h6 48. Kc4 g5 49. a5 Nd7 50. b6 Kc6 51. Nd5 f4 52. Ne7+ Kb7 53. Kb5 Nb8
54. Nf5 h5 55. Ng7 h4 56. Ne6 g4 57. Nxf4 gxh3 58. gxh3 Nd7 59. Ng6 Nf6 60.
Nxh4 Ne4 61. a6+ Kc8 62. Kc6 Kb8 63. f4 Nf6 64. f5 1-0

[Event "Championnat de France des Jeunes - Cadet"]
[Site "Aix les Bains"]
[Date "2009.04.25"]
[Round "8.7"]
[White "Rascle, Adeline"]
[Black "Forgues, Valerie"]
[Result "0-1"]
[WhiteElo "1620"]
[BlackElo "2037"]
[PlyCount "102"]
[EventDate "2009.??.??"]

1. e4 e5 2. Nf3 Nc6 3. Bc4 Bc5 4. Nc3 Nf6 5. d3 d6 6. Bg5 h6 7. Bh4 g5 8. Bg3
Bg4 9. h3 Bh5 10. a3 Nd4 11. Rg1 Qd7 12. Nb1 Bxf3 13. gxf3 Qxh3 14. c3 Ne6 15.
Qe2 Nh5 16. Qf1 Qxf1+ 17. Rxf1 Nhf4 18. Nd2 c6 19. O-O-O O-O-O 20. Bxe6+ Nxe6
21. Nb3 Bb6 22. Rd2 h5 23. d4 f6 24. Rfd1 h4 25. Bh2 Rhe8 26. Kc2 Nf8 27. Nc1
Ng6 28. Ne2 Bc7 29. Bg1 exd4 30. Nxd4 d5 31. Re1 h3 32. Rde2 h2 33. Bxh2 Bxh2
34. Rh1 Be5 35. Rd1 Bxd4 36. Rxd4 dxe4 37. fxe4 c5 38. Rc4 b6 39. b4 Ne5 40.
Kb3 Nxc4 41. Kxc4 cxb4 42. cxb4 Re5 43. f3 b5+ 44. Kc3 f5 45. Rg2 fxe4 46. fxe4
Rxe4 47. Rxg5 Re3+ 48. Kc2 a6 49. Rc5+ Kb7 50. Rc3 Rxc3+ 51. Kxc3 Kc6 0-1

[Event "Championnat de France des Jeunes - Cadet"]
[Site "Aix les Bains"]
[Date "2009.04.25"]
[Round "8.8"]
[White "Gudefin, Marine"]
[Black "Richard, Celine"]
[Result "0-1"]
[WhiteElo "1399"]
[BlackElo "1588"]
[PlyCount "50"]
[EventDate "2009.??.??"]

1. e4 c5 2. Nc3 e6 3. Bc4 Nc6 4. d3 a6 5. a4 Nge7 6. Nf3 d5 7. exd5 exd5 8. Bb3
d4 9. Ne4 h6 10. Nxc5 Qa5+ 11. Bd2 Qxc5 12. O-O Ng6 13. Re1+ Be7 14. h3 O-O 15.
c3 dxc3 16. Bxc3 Bd7 17. d4 Qh5 18. d5 Nd8 19. Qd4 Bf6 20. Qb4 Bxc3 21. Qxc3
Nf4 22. Re5 Qg6 23. Nh4 Qf6 24. g3 Nxh3+ 25. Kf1 Qxf2# 0-1

[Event "Championnat de France des Jeunes - Cadet"]
[Site "Aix les Bains"]
[Date "2009.04.25"]
[Round "8.9"]
[White "Dauchart, Elaine"]
[Black "Hedouin, Priscillia"]
[Result "1/2-1/2"]
[WhiteElo "1650"]
[BlackElo "1640"]
[PlyCount "74"]
[EventDate "2009.??.??"]

1. e4 e6 2. d4 d5 3. exd5 exd5 4. Nf3 Nf6 5. Bg5 Bf5 6. Bd3 Bg6 7. O-O Nbd7 8.
Ne5 Be7 9. Nxg6 hxg6 10. Nd2 c6 11. c3 Qc7 12. g3 O-O-O 13. Bf4 Bd6 14. Bxd6
Qxd6 15. Re1 Rh7 16. Qa4 Kb8 17. Qa3 Qc7 18. Re7 Rdh8 19. Nf3 Ng4 20. Rae1 Rd8
21. Re8 Rh8 22. Qe7 Rhxe8 23. Qxe8 Ndf6 24. Qe7 Rd7 25. Qf8+ Qd8 26. Qxd8+ Rxd8
27. Re7 Rf8 28. Ng5 Nh6 29. f3 Ne8 30. Kf2 Nd6 31. g4 Kc8 32. b3 Ng8 33. Re3
Nf6 34. Kg3 Kd7 35. h4 Rg8 36. Kh3 b6 37. Kg3 Rf8 1/2-1/2

[Event "Championnat de France des Jeunes - Cadet"]
[Site "Aix les Bains"]
[Date "2009.04.25"]
[Round "8.10"]
[White "Durot, Edwige"]
[Black "Bruckert, Emma"]
[Result "1-0"]
[WhiteElo "1764"]
[BlackElo "1380"]
[PlyCount "73"]
[EventDate "2009.??.??"]

1. e4 e5 2. Nc3 Nf6 3. Bc4 Bc5 4. d3 Nc6 5. h3 d6 6. Bg5 Ne7 7. Qf3 Be6 8. Bxf6
Bxc4 9. Bxe7 Qxe7 10. dxc4 Qe6 11. Nd5 O-O-O 12. b3 c6 13. Ne3 Bxe3 14. Qxe3 d5
15. cxd5 cxd5 16. Qc5+ Kb8 17. exd5 Rxd5 18. Qc4 Rc8 19. Qe4 Qc6 20. Qc4 Qxc4
21. bxc4 Rxc4 22. Rc1 Ra5 23. Nf3 f6 24. Nd2 Rc6 25. Nb3 Rxa2 26. Na1 a5 27.
Ke2 b5 28. Rhd1 Kc7 29. Rd2 Rd6 30. Nb3 a4 31. Nc5 Kc6 32. Nd3 Rd4 33. Rb1 a3
34. Nb4+ Rxb4 35. Rxb4 Rb2 36. Rxb2 axb2 37. Rd1 1-0

[Event "Championnat de France des Jeunes - Cadet"]
[Site "Aix les Bains"]
[Date "2009.04.25"]
[Round "8.11"]
[White "Jolly, Marie"]
[Black "Argente, Lucie"]
[Result "1-0"]
[WhiteElo "1738"]
[BlackElo "1400"]
[PlyCount "25"]
[EventDate "2009.??.??"]

1. d4 d5 2. c4 c6 3. Nc3 Nf6 4. Nf3 Bg4 5. Bf4 e6 6. h3 Bh5 7. cxd5 cxd5 8. Qb3
b6 9. Nb5 Na6 10. Qa4 Bxf3 11. exf3 Bb4+ 12. Nc3+ Qd7 13. Bb5 1-0

[Event "Championnat de France des Jeunes - Minim"]
[Site "Aix les Bains"]
[Date "2009.04.25"]
[Round "8.1"]
[White "Manoeuvre, Antoine"]
[Black "Sochacki, Christophe"]
[Result "1-0"]
[WhiteElo "2150"]
[BlackElo "2250"]
[PlyCount "93"]
[EventDate "2009.??.??"]

1. d4 Nf6 2. c4 e6 3. Nc3 Bb4 4. Qc2 O-O 5. a3 Bxc3+ 6. Qxc3 b6 7. Nf3 Bb7 8.
g3 d6 9. Bg2 Nbd7 10. O-O Qe7 11. Rd1 c5 12. b3 Rac8 13. Bb2 cxd4 14. Qxd4 Nc5
15. Nd2 e5 16. Qc3 Rfe8 17. Bxb7 Qxb7 18. b4 Ne6 19. Qd3 e4 20. Qe3 Nf8 21.
Bxf6 gxf6 22. Rac1 f5 23. Nb3 Ne6 24. Rd5 Rxc4 25. Rxf5 Rxc1+ 26. Qxc1 Qa6 27.
Nd4 e3 28. Qxe3 Ng7 29. Qg5 Qxa3 30. Rf4 h5 31. Nf5 Qa1+ 32. Kg2 Qe5 33. h4 a5
34. bxa5 bxa5 35. Kh2 Re6 36. Nh6+ Kh7 37. Nxf7 Qxe2 38. Qxa5 Re8 39. Qg5 Re6
40. Qd8 Re8 41. Qxd6 Ne6 42. Ng5+ Nxg5 43. hxg5 Re6 44. Qf8 h4 45. Rxh4+ Kg6
46. Rh6+ Kxg5 47. Qf4# 1-0

[Event "Championnat de France des Jeunes - Minim"]
[Site "Aix les Bains"]
[Date "2009.04.25"]
[Round "8.2"]
[White "Nguyen, Vincent"]
[Black "Song, Julien"]
[Result "1/2-1/2"]
[WhiteElo "2058"]
[BlackElo "2318"]
[PlyCount "145"]
[EventDate "2009.??.??"]

1. e4 e6 2. d4 d5 3. Nd2 c5 4. exd5 exd5 5. Ngf3 Nf6 6. Be2 Be7 7. O-O Bg4 8.
dxc5 O-O 9. c3 Bxc5 10. Nb3 Bb6 11. Bg5 Nbd7 12. Nfd4 Bxe2 13. Qxe2 Re8 14. Qf3
h6 15. Bh4 Re4 16. Qh3 Qf8 17. Bg3 g6 18. Kh1 Kh7 19. f3 Ree8 20. Bh4 Kg7 21.
Rad1 a6 22. f4 Re7 23. Nf3 Re3 24. Nbd4 Rae8 25. Bf2 R3e4 26. Ne5 Nxe5 27. fxe5
R8xe5 28. Bh4 Bd8 29. Nf3 Rf5 30. Bf2 Rh5 31. Qc8 Qd6 32. Bd4 Rf5 33. Bc5 Qd7
34. Qxd7 Nxd7 35. Bd4+ Bf6 36. Kg1 Re2 37. Rf2 Bxd4 38. Rxd4 Re4 39. Rfd2 Nf6
40. h3 g5 41. Rd1 h5 42. R4d2 g4 43. Nd4 Rfe5 44. Rf1 Re1 45. hxg4 hxg4 46. a4
Rxf1+ 47. Kxf1 Ne4 48. Rd1 Kg6 49. Nb3 f5 50. Rd4 f4 51. Rd1 Ng3+ 52. Kg1 Re2
53. Nd2 Kf5 54. Nf1 Nxf1 55. Kxf1 Rxb2 56. Rxd5+ Ke4 57. Rd7 g3 58. a5 Ke3 59.
Re7+ Kd3 60. Rd7+ Kxc3 61. Rc7+ Kd4 62. Rd7+ Ke5 63. Rf7 Ke4 64. Re7+ Kd5 65.
Rf7 Rf2+ 66. Kg1 Kc6 67. Rf5 Kc7 68. Rf7+ Kc8 69. Rf8+ Kd7 70. Rf7+ Kc6 71. Rf5
Rd2 72. Kf1 Rf2+ 73. Kg1 1/2-1/2

[Event "Championnat de France des Jeunes - Minim"]
[Site "Aix les Bains"]
[Date "2009.04.25"]
[Round "8.3"]
[White "Ider, Borya"]
[Black "Netzer, Jacques"]
[Result "1-0"]
[WhiteElo "2176"]
[BlackElo "2139"]
[PlyCount "85"]
[EventDate "2009.??.??"]

1. d4 d6 2. Nf3 g6 3. g3 Bg7 4. Bg2 Nd7 5. O-O e5 6. c4 Nh6 7. Nc3 O-O 8. e4 c6
9. h3 f6 10. Be3 Nf7 11. Qc2 Re8 12. Rad1 Qe7 13. a3 Nf8 14. b4 f5 15. d5 Qf6
16. c5 f4 17. gxf4 exf4 18. Bd4 Ne5 19. Bxe5 dxe5 20. dxc6 Qxc6 21. Rd6 Qc7 22.
Nd5 Qb8 23. Ng5 Ne6 24. Qc4 Nxg5 25. Nf6+ Kh8 26. Nxe8 Be6 27. Rxe6 Nxe6 28.
Nd6 Nd8 29. Qb5 Nc6 30. Nf7+ Kg8 31. Qc4 h6 32. Nxe5+ Kh7 33. Nxc6 bxc6 34. Rd1
Qc7 35. Qe6 Rd8 36. Rd6 Rxd6 37. cxd6 Qd8 38. Qe7 Qf8 39. e5 f3 40. Bf1 h5 41.
e6 Kh6 42. Qxf8 Bxf8 43. e7 1-0

[Event "Championnat de France des Jeunes - Minim"]
[Site "Aix les Bains"]
[Date "2009.04.25"]
[Round "8.4"]
[White "Grandadam, Nicolas"]
[Black "Brunier, Jules"]
[Result "1-0"]
[WhiteElo "2133"]
[BlackElo "2004"]
[PlyCount "103"]
[EventDate "2009.??.??"]

1. Nf3 Nf6 2. c4 b6 3. d4 e6 4. g3 Bb7 5. Bg2 d5 6. Ne5 Nbd7 7. Nc3 c5 8. cxd5
exd5 9. O-O Be7 10. Nxd7 Qxd7 11. b3 O-O 12. Ba3 Rac8 13. dxc5 bxc5 14. Rc1 d4
15. Bxb7 Qxb7 16. Na4 Qd5 17. Qd3 Ng4 18. Qf3 Qxf3 19. exf3 Ne5 20. f4 Nd7 21.
Rfd1 g6 22. Kf1 Kg7 23. Ke2 Rfe8 24. Kf3 Bf8 25. Rd2 Re6 26. Nb2 Nb6 27. Rdc2
Rec6 28. Nd3 Nd7 29. Bb2 f6 30. Bxd4 Rd6 31. Nxc5 Nxc5 32. Bxc5 Rd3+ 33. Be3
Rcd8 34. Rc7+ R8d7 35. Ke2 a5 36. Rxd7+ Rxd7 37. Bc5 Rb7 38. Bxf8+ Kxf8 39.
Rc8+ Kg7 40. Kd3 a4 41. bxa4 Rb4 42. Rc4 Rb2 43. Rc2 Rb4 44. Kc3 Rxa4 45. Kb3
Ra7 46. a4 Rb7+ 47. Ka3 h5 48. a5 Rb1 49. Ra2 g5 50. fxg5 fxg5 51. Rb2 Ra1+ 52.
Kb4 1-0

[Event "Championnat de France des Jeunes - Minim"]
[Site "Aix les Bains"]
[Date "2009.04.25"]
[Round "8.5"]
[White "Velten, Paul"]
[Black "Bertrand, Quentin"]
[Result "1-0"]
[WhiteElo "2129"]
[BlackElo "1992"]
[PlyCount "91"]
[EventDate "2009.??.??"]

1. d4 f5 2. Bg5 g6 3. e3 Bg7 4. Bc4 d5 5. Bb3 c5 6. c3 c4 7. Bc2 Nc6 8. b3 cxb3
9. Bxb3 Qa5 10. Ne2 Be6 11. O-O Nf6 12. Nd2 Bf7 13. Bxf6 Bxf6 14. f4 O-O 15.
Nf3 Rac8 16. Rf2 Rfd8 17. h3 Kh8 18. g4 e6 19. Kh1 Rg8 20. Qg1 b5 21. Qg3 b4
22. cxb4 Nxb4 23. Ng5 Bxg5 24. fxg5 Qc7 25. Qf3 Qe7 26. h4 Rgd8 27. Rg1 Rf8 28.
Rh2 Rfd8 29. Qg3 Qd6 30. Nf4 Nc6 31. h5 Kg7 32. hxg6 hxg6 33. Rh6 Qb8 34. gxf5
exf5 35. Qh4 Rh8 36. Rg2 Qb5 37. Ne2 Qd3 38. Qh3 Qb1+ 39. Ng1 Qe4 40. Bc2 Qe8
41. Rh2 Nb4 42. Rh7+ Rxh7 43. Qxh7+ Kf8 44. Qh8+ Ke7 45. Qf6+ Kd7 46. Rh7 1-0

[Event "Championnat de France des Jeunes - Minim"]
[Site "Aix les Bains"]
[Date "2009.04.25"]
[Round "8.6"]
[White "Pilte, Nicolas"]
[Black "Muheim, Sebastien"]
[Result "1/2-1/2"]
[WhiteElo "1974"]
[BlackElo "2031"]
[PlyCount "107"]
[EventDate "2009.??.??"]

1. e4 c5 2. c3 Nf6 3. e5 Nd5 4. d4 cxd4 5. Nf3 e6 6. cxd4 d6 7. Bc4 Nc6 8. O-O
Be7 9. Qe2 O-O 10. Nc3 Nxc3 11. bxc3 dxe5 12. dxe5 Qa5 13. Bd2 Rd8 14. Rfd1 Bd7
15. Bd3 Be8 16. Rab1 Rd7 17. Qe4 g6 18. Bh6 Rad8 19. h4 Qxc3 20. Rb3 Qa5 21.
Rdb1 Qxa2 22. R1b2 Qa5 23. Bd2 Qc7 24. h5 b6 25. hxg6 hxg6 26. Rc2 Rd5 27. Bc4
Rc5 28. Rbc3 Nb4 29. Bxe6 fxe6 30. Rxc5 Bxc5 31. Bxb4 Rd1+ 32. Be1 Kg7 33. Qe2
Qd8 34. Rd2 Rxd2 35. Bxd2 Bc6 36. Bg5 Bxf3 37. Bf6+ Kf7 38. Qxf3 Qd5 39. Qg4 a5
40. Kh2 b5 41. Qh4 b4 42. Qh7+ Ke8 43. Qg8+ Kd7 44. Qd8+ Kc6 45. Qxa5 b3 46.
Qa4+ Kb7 47. Qa5 Bb6 48. Qe1 b2 49. Qb1 Bd4 50. f4 Qc6 51. Be7 Qc3 52. Qe4+ Ka6
53. Ba3 Bg1+ 54. Kxg1 1/2-1/2

[Event "Championnat de France des Jeunes - Minim"]
[Site "Aix les Bains"]
[Date "2009.04.25"]
[Round "8.7"]
[White "Divine, Armand"]
[Black "Mouhamad, Joachin"]
[Result "1-0"]
[WhiteElo "2018"]
[BlackElo "1978"]
[PlyCount "67"]
[EventDate "2009.??.??"]

1. e4 c5 2. Nf3 Nc6 3. d4 cxd4 4. Nxd4 e6 5. Nc3 a6 6. Be2 Qc7 7. O-O Be7 8.
Kh1 d6 9. f4 Bf6 10. Be3 Nxd4 11. Bxd4 Ne7 12. Bxf6 gxf6 13. Qd4 e5 14. Qd2 Be6
15. f5 Bc4 16. Bxc4 Qxc4 17. Qxd6 Qc6 18. Rad1 Qxd6 19. Rxd6 O-O 20. Rd7 Nc6
21. Nd5 Rfd8 22. Rxb7 Rab8 23. Rc7 Nb4 24. Nxf6+ Kg7 25. Nd7 Rbc8 26. Rxc8 Rxc8
27. f6+ Kg8 28. c3 Nc6 29. Rd1 Re8 30. Rd6 Re6 31. Rxe6 fxe6 32. b4 Kf7 33. a4
Na7 34. g4 1-0

[Event "Championnat de France des Jeunes - Minim"]
[Site "Aix les Bains"]
[Date "2009.04.25"]
[Round "8.8"]
[White "Palacios-Aguilar, Diego-Andre"]
[Black "Dubessay, Bastien"]
[Result "0-1"]
[WhiteElo "1862"]
[BlackElo "2134"]
[PlyCount "53"]
[EventDate "2009.??.??"]

1. e4 c5 2. Nf3 d6 3. d4 cxd4 4. Nxd4 Nf6 5. Nc3 Nc6 6. Nxc6 bxc6 7. Be2 e5 8.
O-O Be7 9. a4 a5 10. b3 O-O 11. Ba3 Be6 12. Qd3 Qc7 13. Rfd1 Rad8 14. h3 d5 15.
Bxe7 Qxe7 16. exd5 cxd5 17. Qg3 d4 18. Nb5 Qc5 19. Rac1 Ne4 20. Qh4 f5 21. Bd3
Nf6 22. c3 dxc3 23. Rxc3 Qb4 24. Qg3 Ne4 25. Qxe5 Nxc3 26. Qxe6+ Kh8 27. Rd2
0-1